000 01161cad a22002175a 4500
001 L151775
008 101209s2010 xxk f 000 0 eng d
035 _a(Sirsi) u151775
041 0 _aeng
050 0 4 _a352.4941 $2 18
110 2 _aPriceWaterhouseCoopers
_93793
245 0 0 _aNew realities for construction
_bthe comprehensive spending review
_h[electronic resource]
260 _a[S.l.]
_bPwC
_bPinsent Masons
_c2010
520 _aExamines the issues, opportunities and challenges of the construction industry in the UK; national infrastructure plan; need to work better with the public sector; PFI procurement; innovative construction methods to achieve greater efficiency; offsite manufacture; Building Information Modelling; integrate the supply chain; the growing importance of the global construction market; long and short term actions.
590 _aKA NTK
651 4 _aUnited Kingdom
_y
690 _aMANAGEMENT-BUSINESS MANAGEMENT-FINANCIAL MANAGEMENT
710 1 _aPinsent Masons
_95118
856 4 0 _uhttps://www.pinsentmasons.com/pdf/NewRealitiesForConstruction.pdf
_zView the website free of charge at www.pinsentmasons.com
942 _n0
999 _c111614
_d111614